00788cam a2200217 a 4500999001300000001000500013003000900018005001700027008004100044020001600085040003800101082002200139245007300161260004900234300004500283504004100328651004700369700002200416942001200438952012000450 c913d9132035BD-DhUAP20200129101216.0200129s19961993nyuab b 000 0 eng  a039396955X  aBD-DhUAPcBD-DhUAPdBD-DhUAPbEng00a338.90973 LEA22300aLeading economic controversies of 1996 /cedited by Edwin Mansfield. aNew York :bNorton,cc1993 [Reprinted 1996]. aix, 207 pages :billustrations ;c23 cm. aIncludes bibliographical references. 0aEconomic policyzUnited Statesy1993-2001.1 aMansfield, Edwin. 2ddccBK 00102ddc4070aUAPCLbUAPCLcGeneral Stacksd2020-01-29o338.90973 LEAp3010002035r2020-01-29t1w2020-01-29yBK